An introduction to medieval Europe, 300-1500 / (Record no. 28696)
[ view plain ]
| 000 -LEADER | |
|---|---|
| fixed length control field | 00951cam a22003011 4500 |
| 001 - CONTROL NUMBER | |
| control field | 28696 |
| 003 - CONTROL NUMBER IDENTIFIER | |
| rucl marc code | BD-RjUL |
| 005 - DATE AND TIME OF LATEST TRANSACTION | |
| control field | 20211209051322.0 |
| 008 - FIXED-LENGTH DATA ELEMENTS--GENERAL INFORMATION | |
| fixed length control field | 140331s1937 nyuabf 001 0 eng |
| 035 ## - SYSTEM CONTROL NUMBER | |
| System control number | (BD-RjUL)28778 |
| System control number | (OCoLC)19683883 |
| 040 ## - CATALOGING SOURCE | |
| Original cataloging agency | DLC |
| Transcribing agency | MB |
| Modifying agency | ODaWU |
| -- | OCoLC |
| -- | DLC |
| Language of cataloging | eng |
| 041 ## - LANGUAGE CODE | |
| Language code of text/sound track or separate title | eng |
| 082 ## - DEWEY DECIMAL CLASSIFICATION NUMBER | |
| Classification number | 940.1 |
| Author mark and year | THI 1965 |
| 100 1# - MAIN ENTRY--PERSONAL NAME | |
| Personal name | Thompson, James Westfall, |
| Dates associated with a name | 1869-1941. |
| 9 (RLIN) | 87804 |
| 245 13 - TITLE STATEMENT | |
| Title | An introduction to medieval Europe, 300-1500 / |
| Statement of responsibility, etc. | James Westfall Thompson ... & Edgar Nathaniel Johnson ... |
| 260 ## - PUBLICATION, DISTRIBUTION, ETC. (IMPRINT) | |
| Place of publication, distribution, etc. | New York : |
| Name of publisher, distributor, etc. | edgar nathaniel johnson , |
| Date of publication, distribution, etc. | c1965 |
| 300 ## - PHYSICAL DESCRIPTION | |
| Pagination | xii, 1092 p. : |
| Illustrations | ill. ; |
| Size | 24 cm. |
| 500 ## - GENERAL NOTE | |
| General note | "First edition." |
| 504 ## - BIBLIOGRAPHY, ETC. NOTE | |
| Bibliography, etc | Includes index |
| 650 #0 - SUBJECT ADDED ENTRY--TOPICAL TERM | |
| Topical term or geographic name as entry element | Middle Ages. |
| 9 (RLIN) | 87805 |
| 651 #0 - SUBJECT ADDED ENTRY--GEOGRAPHIC NAME | |
| Geographic name | Europe |
| General subdivision | History |
| Chronological subdivision | 476-1492. |
| 9 (RLIN) | 74533 |
| 700 1# - ADDED ENTRY--PERSONAL NAME | |
| Personal name | Johnson, Edgar Nathaniel, |
| Dates associated with a name | 1901-1969. |
| 942 ## - ADDED ENTRY ELEMENTS (KOHA) | |
| Source of classification or shelving scheme | Dewey Decimal Classification |
| Koha item type | Books |
| Lost status | Source of classification or shelving scheme | Damaged status | Not for loan | Collection code | Permanent Location | Current Location | Shelving location | Date acquired | Source of acquisition | Cost, normal purchase price | Total Checkouts | Full call number | Date last seen | Copy number | Koha item type | Total Renewals | Date checked out |
|---|---|---|---|---|---|---|---|---|---|---|---|---|---|---|---|---|---|
| Dewey Decimal Classification | Added to bundle | Non-fiction | Central Library, University of Rajshahi | Central Library, University of Rajshahi | Reading Room | 01/01/1975 | Jonathan ware and com. | 4.20 | 940.1 THI 1965 | 31/03/2014 | C-1 | Books | |||||
| Dewey Decimal Classification | Non-fiction | Central Library, University of Rajshahi | Central Library, University of Rajshahi | 01/01/1975 | Jonathon wren and Co-london | 4.20 | 940.1 THI 1965 | 06/03/2017 | C-2 | Books | |||||||
| Dewey Decimal Classification | Non-fiction | Central Library, University of Rajshahi | Central Library, University of Rajshahi | 01/01/1975 | Janathan Wear & Sons Co., London | 4.20 | 6 | 940.1 THI 1965 | 28/11/2022 | C-3 | Books | 1 | 23/10/2022 |